Cansera del tiempo.

Bibliographic Details
Main Author: Torora, Juan
Format: Book
Language:Spanish
Published: Paysandu : Editorial Ateneo, [1931]

MARC

Tag First Indicator Second Indicator Subfields
LEADER 00000cam a2200000 4500
001 in00000060668
005 20151008050536.0
008 800430s1931 uy 00000 spam
010 |a  45043814  
035 |a (OCoLC)06266796 
035 |9 AAG1693AM 
040 |a DLC  |c TXA  |d UtOrBLW 
049 |a TXAS  |c [1102089] 
050 0 0 |a PQ8519.T72  |b C3 
100 1 |a Torora, Juan. 
245 1 0 |a Cansera del tiempo. 
264 1 |a Paysandu :  |b Editorial Ateneo,  |c [1931] 
300 |a 118 pages ;  |c 19 cm. 
336 |a text  |b txt  |2 rdacontent 
337 |a unmediated  |b n  |2 rdamedia 
338 |a volume  |b nc  |2 rdacarrier 
500 |a Cover title. 
500 |a Poems. 
500 |a Additional poem, "Sismando," included (3 . of typescript inserted between page [4] and 5). 
500 |a "Su contenido es una recopilacion de parte de mis versos que ... fueron publicados como colaboraciones, en diversas revistas y periodicos, figurando en primer termino 'El fogon' de neustro inolvidable maestro don Alcides De-Maria"--page [2]. 
999 |a MARS 
999 f f |s f06d4366-b351-3be8-a5e0-dafa7231f07e  |i b9a27ce6-ddb8-3b6f-914f-b3642970c2f3  |t 0 
952 f f |p noncirc  |a Texas A&M University  |b College Station  |c Cushing Memorial Library & Archives  |d Cushing: Dykes (Does not check out)  |t 0  |e PQ8519.T72 C3  |h Library of Congress classification  |i unmediated -- volume  |m A14851880303 
998 f f |a PQ8519.T72 C3  |t 0  |l Cushing: Dykes (Does not check out)